Los conservadores liberales /

Si bien los términos liberal y conservador parecen contradictorios, fue la fórmula que encontraron los sectores económicamente privilegiados de Argentina para asegurar sus intereses. Y para gobernar controlaron los comicios a través del fraude.

Guardado en:
Autor Principal: Flax, Emanuel
Autor Corporativo: Canal Encuentro.
Formato: Deslizar
Publicado: Argentina, 2011
Series:Historia de los partidos políticos
Materias:
Acceso en línea:https://www.educ.ar/recursos/50043/los-conservadores-liberales
Etiquetas: Agregar Etiqueta
Sin Etiquetas, Sea el primero en etiquetar este registro!
LEADER 01225ngm a22003255g 4500
001 CEM.cems023574
008 130507s2011##################0###0#####d
005 20250609135456.0
245 1 0 |a Los conservadores liberales /  |c Emanuel Flax. 
260 |a Argentina,  |c 2011 
300 |a 28'. 
490 0 |a Historia de los partidos políticos 
520 |a Si bien los términos liberal y conservador parecen contradictorios, fue la fórmula que encontraron los sectores económicamente privilegiados de Argentina para asegurar sus intereses. Y para gobernar controlaron los comicios a través del fraude. 
538 |a Soporte: DVD - Color: Si - Grabación DRD 
500 |a Consultar en ventanilla. 
100 1 |a Flax, Emanuel 
710 2 |a Canal Encuentro. 
082 9 8 |/ FLA 
653 |a HISTORIA 
653 |a HISTORIA ARGENTINA 
653 |a PARTIDOS POLITICOS 
653 |a CONSERVADORES 
653 |a LIBERALES 
653 |a DECADA INFAME 
653 |a FRAUDE ELECTORAL 
653 |a LIBERALISMO 
653 |a SERIE DE TELEVISIÓN 
653 |a DOCUMENTAL 
856 |u https://www.educ.ar/recursos/50043/los-conservadores-liberales 
859 |a CEMS  |b BIB. CEMS - Depto. Recursos Didacticos  |h 982  |i FLA  |k DRD  |p 2217.15  |t Ej.1